000 01000nam a2200301 i 4500
003 DO-SdBNP
005 20240701140112.0
007 ta
008 240701s2024 dr 000 0 spa d
020 _a9788412826234
020 _a9788412826241 (eBOOK)
040 _aDO-SdBNP
_bspa
_cBNPHU
_erda
082 _bF8251
_222
100 1 _aFranco Montero, Anthony
_eautor
_985906
245 1 0 _aPromesas :
_blo que Dios quiere que sepas hoy /
_cAnthony Franco Montero ; prólogo Lenny Salcedo
264 1 _aBarcelona, España :
_bNoubooks,
_c2024.
300 _a201 páginas,
_c22 cm.
336 _2rdacontent
_atexto
_btxt
337 _2rdamedia
_asin mediación
_bn
338 _2rdacarrier
_avolumen
_bnc
500 _aIncluye datos biografícos del autor en la página 199-200.
500 _aIncluye notas a pie de paginas.
504 _aBibliografía p: 149-155.
590 _aInventariado, 2024/ YL
700 1 _aSalcedo, Lenny
_eprólogo
_954733
910 _aYLockward
942 _2ddc
_cLBS1
999 _c57091
_d57091